| 000 | 00816nam a22002057a 4500 | ||
|---|---|---|---|
| 999 |
_c16786 _d16786 |
||
| 003 | AR-CdUCM | ||
| 008 | 190506b ||||| |||| 00| 0 spa d | ||
| 040 |
_aMUNICIPALIDAD PROVINCIAL DEL CUSCO _cBIBLIOTECA MUNICIPAL DEL CUSCO |
||
| 082 |
_a987.041 / _bG81 |
||
| 100 |
_aGrisanti, Angel _936446 |
||
| 245 |
_aEl archivo del libertador : _bíndice / |
||
| 260 |
_aCaracas : _bImp. Nacional, _c1956. |
||
| 300 |
_a2 volúmenes ; _bretratos, figuras, _c24 cm. |
||
| 505 | _aContenido: v.1: Bolivar, por Gil de Castro -- Retrato del doctor Vicente Lecuna -- Retrato del libertador, por Espinoza -- v.3: Colección Juan de Francisco Martín -- Casa natal del Libertador. | ||
| 650 |
_aSimón Bolívar _91694 |
||
| 650 |
_aHistoria _9136 |
||
| 650 |
_aBiografía _922 |
||
| 942 |
_2ddc _cLIBROS |
||
| 945 |
_aachl _d2019-05-06 |
||